000 00741nam a2200229 i 4500
001 bg
100 1 _aLESZCZYŃSKA, Hanna
245 1 0 _aAkzeptanz moderner Bürobeleuchtungssysteme /
_cHanna Leszczyńska.
260 _aZielona Góra :
_bWydaw. PZ,
_c1997.
300 _a197 s. :
_brys., wykr. ;
_c24 cm.
490 1 _aMonografie / [Politechnika Zielonogórska],
_x0239-7390 ;
_vnr 83
500 _aStreszcz. ang., fr.
504 _aBibliogr. s. 195-197.
650 9 _aBiurowość
_xwyposażenie
650 9 _aOświetlenie
_xbadanie
830 0 _aMonografie ([Politechnika Zielonogórska]) ;
_vnr 83
040 _cBPK
041 0 _ade
_benfr
080 _a628.9.001.5:651.2
942 _cKS
008 s pl f |000 0 pol
999 _c38078
_d38078
856 _uhttp://koha.tu.koszalin.pl/cgi-bin/koha/opac-detail.pl?biblionumber=38078
_yKatalog online BPK